| 000 | 00825nam a22002537a 4500 | ||
|---|---|---|---|
| 005 | 20170724153744.0 | ||
| 010 | _aENG-119324 | ||
| 020 |
_a9788180642012 _c150.00 |
||
| 035 | _aEN-102856 | ||
| 037 | _bDBAD/PUB | ||
| 082 | _a510.24339 | ||
| 100 | _aBhukta,Anindya | ||
| 245 |
_aFour essays on writing economic history of colonial India / _cby Amiya Kumar Bagchi...[et...al] ; compiled by Jayanta Acharya, Subhasi Ghosh [and] Jenia Mukherjee |
||
| 260 |
_aKolkata _bProgressive Publishers _c2011 |
||
| 270 |
_a37 A, College Street _bKolkata _e73 |
||
| 300 |
_a119p. _c23cm(Hb) |
||
| 700 | _a Wasbrook,David | ||
| 700 | _aMaharatna,Arup | ||
| 700 | _aBandopadhyay,Arun | ||
| 700 | _aJayanta Acharya | ||
| 700 | _aGhosh,Subhasi | ||
| 700 | _a Mukherjee,Jenia | ||
| 942 |
_2ddc _cEN _mBAG _h330.954 |
||
| 999 |
_c142806 _d142806 |
||